000 00578nam a2200193Ia 4500
003 GCL
008 140319s9999 xx 000 0 ara d
040 _aGCL /
_cGCL
082 0 4 _a928.1
_bم ق
100 1 _aمحمد عمارة
245 1 0 _aقاسم امين تحرير المرأة والتمدن الاسلامى /
_cمحمد عمارة
260 _a[S.N] :
_bدار الشروق ،
_c1988
300 _a222 ص
490 _a
650 0 4 _aالمرأة العاملة
650 0 4 _aقاسم امين
650 0 4 _aالمرأة فى الاسلام
942 _2ddc
_cBK
999 _c52087
_d52087